[Event "AUTO-ADV-2754"]
[Site "http://www.queenalice.com/game.php?id=1150045"]
[Date "2013.2.8"]
[Round "1"]
[White "Aspayne"]
[Black "reynel"]
[Result "1-0"]
[WhiteElo "2094"]
[BlackElo "1691"]

1. e4 e5 2. Nf3 d6 3. d4 exd4 4. Nxd4 Nf6 5. Bg5 h6 6. Bh4 g5 7. Bg3 Nxe4 8.
Bb5+ c6 9. Qe2 Qe7 10. Bd3 Nxg3 11. hxg3 Qxe2+ 12. Bxe2 Bg7 13. c3 Bxd4 14. cxd4
Be6 15. Nc3 d5 16. O-O-O 1-0

[Event "OS INCLIVEIS"]
[Site "http://www.queenalice.com/game.php?id=1150575"]
[Date "2013.2.10"]
[Round "-"]
[White "adelio"]
[Black "reynel"]
[Result "1-0"]
[WhiteElo "1785"]
[BlackElo "1704"]

1. d4 d5 2. e4 dxe4 3. Nc3 f5 4. h4 h6 5. d5 e6 6. Qh5+ Kd7 7. Qf7+ Qe7 8. dxe6+
Kd8 9. Bf4 Bxe6 10. Rd1+ Nd7 11. Bxc7+ Kxc7 12. Nb5+ Kd8 13. Qxe7+ Bxe7 14. Ne2
a6 15. Nbd4 Bxa2 16. Nxf5 g6 17. Nxe7 Nxe7 18. g3 Bd5 19. Bg2 Rc8 20. Nc3 1-0

[Event "AUTO-ADV-3202"]
[Site "http://www.queenalice.com/game.php?id=1297563"]
[Date "2014.7.27"]
[Round "1"]
[White "reynel"]
[Black "maurice91"]
[Result "0-1"]
[WhiteElo "1601"]
[BlackElo "1798"]

1. c4 d5 2. cxd5 c6 3. e4 cxd5 4. Qc2 d4 5. d3 Nc6 6. Bf4 e5 7. Bd2 f5 8. f4 Bd6
9. g3 Nf6 10. Nf3 fxe4 11. dxe4 exf4 12. gxf4 Bc7 13. e5 Ng4 14. h3 Nh6 15. Bb5
Bd7 0-1

[Event "AUTO-ADV-3202"]
[Site "http://www.queenalice.com/game.php?id=1297564"]
[Date "2014.7.27"]
[Round "1"]
[White "maurice91"]
[Black "reynel"]
[Result "1-0"]
[WhiteElo "1806"]
[BlackElo "1593"]

1. d4 d5 2. Nf3 Nf6 3. h3 e6 4. Bg5 Be7 5. e3 h6 6. Bh4 a6 7. a3 Nc6 8. Bd3 Bd6
9. Bxf6 Qxf6 10. c3 e5 11. dxe5 Nxe5 12. Nxe5 Qxe5 13. Nd2 O-O 14. Nf3 Qf6 15.
Bc2 c6 16. Qd3 1-0

[Event "AUTO-ADV-3202"]
[Site "http://www.queenalice.com/game.php?id=1297565"]
[Date "2014.7.27"]
[Round "1"]
[White "reynel"]
[Black "marreta7"]
[Result "0-1"]
[WhiteElo "1532"]
[BlackElo "1660"]

1. c4 e5 2. Nc3 Bc5 3. e3 a6 4. Nf3 d6 5. d4 exd4 6. exd4 Ba7 7. h3 h6 8. Bd3
Nf6 9. O-O O-O 10. b4 Re8 11. Be3 Nc6 12. a3 a5 13. b5 Ne7 14. a4 c6 0-1

[Event "AUTO-ADV-3202"]
[Site "http://www.queenalice.com/game.php?id=1297566"]
[Date "2014.7.27"]
[Round "1"]
[White "marreta7"]
[Black "reynel"]
[Result "1-0"]
[WhiteElo "1671"]
[BlackElo "1521"]

1. e4 c5 2. Bc4 e6 3. e5 d5 4. Bb5+ Bd7 5. Bxd7+ Qxd7 6. d4 Nc6 7. Nf3 f6 8.
dxc5 Bxc5 9. a3 fxe5 10. O-O h6 11. Re1 Qd6 12. h3 Nf6 13. Nc3 a6 14. b4 1-0

[Event "AUTO-ADV-3202"]
[Site "http://www.queenalice.com/game.php?id=1297567"]
[Date "2014.7.27"]
[Round "1"]
[White "reynel"]
[Black "DORLISS"]
[Result "0-1"]
[WhiteElo "1474"]
[BlackElo "1797"]

1. c4 e5 2. e4 Bc5 3. Nf3 Nc6 4. Nc3 d6 5. d3 Bxf2+ 6. Kxf2 Nf6 7. h3 O-O 8. Be3
Nh5 9. Bg5 f6 10. Be3 Nf4 11. g3 Nh5 12. Nh4 f5 0-1

[Event "AUTO-ADV-3202"]
[Site "http://www.queenalice.com/game.php?id=1297568"]
[Date "2014.7.27"]
[Round "1"]
[White "DORLISS"]
[Black "reynel"]
[Result "1-0"]
[WhiteElo "1800"]
[BlackElo "1471"]

1. e4 e5 2. Nf3 Nc6 3. Bb5 Nge7 4. O-O a6 5. Ba4 d5 6. Nxe5 Bd7 7. Qh5 Be6 8.
Nc3 dxe4 9. d4 Qxd4 10. Nxc6 bxc6 11. Be3 Qc4 12. Rfd1 Qb4 13. Rab1 1-0

[Event "AUTO-OPEN-3297"]
[Site "http://www.queenalice.com/game.php?id=1297635"]
[Date "2014.7.27"]
[Round "1"]
[White "Aspayne"]
[Black "reynel"]
[Result "1-0"]
[WhiteElo "1979"]
[BlackElo "1586"]

1. e4 e5 2. Nf3 Nc6 3. Nc3 Nf6 4. Nxe5 Nxe5 5. d4 Nc6 6. d5 Ne5 7. f4 Neg4 8. e5
Qe7 9. Qe2 d6 10. exf6 Qxe2+ 11. Bxe2 gxf6 12. Ne4 Bg7 13. O-O f5 14. Nf2 1-0

[Event "AUTO-OPEN-3297"]
[Site "http://www.queenalice.com/game.php?id=1297636"]
[Date "2014.7.27"]
[Round "1"]
[White "reynel"]
[Black "Aspayne"]
[Result "0-1"]
[WhiteElo "1584"]
[BlackElo "1981"]

1. d4 Nf6 2. c4 e5 3. dxe5 Ng4 4. Nf3 Nc6 5. Bg5 Be7 6. Bxe7 Qxe7 7. e3 Ngxe5 8.
Nc3 d6 9. b3 Bg4 10. Be2 O-O-O 11. Rc1 h5 12. h3 Nxf3+ 13. Bxf3 Bxf3 14. Qxf3
Ne5 0-1

[Event "AUTO-INT-2884"]
[Site "http://www.queenalice.com/game.php?id=1297689"]
[Date "2014.7.27"]
[Round "1"]
[White "ReidoBaralho"]
[Black "reynel"]
[Result "1-0"]
[WhiteElo "1512"]
[BlackElo "1562"]

1. e4 c5 2. Qh5 e6 3. d3 Nf6 4. Qe2 d5 5. e5 Nfd7 6. Nh3 Nc6 7. Bf4 Qc7 8. Nc3
a6 9. g3 Ncxe5 10. Ng5 h6 11. Nxf7 Kxf7 12. Bh3 Nf6 13. Bxe5 1-0

[Event "AUTO-INT-2884"]
[Site "http://www.queenalice.com/game.php?id=1297690"]
[Date "2014.7.27"]
[Round "1"]
[White "reynel"]
[Black "ReidoBaralho"]
[Result "0-1"]
[WhiteElo "1582"]
[BlackElo "1492"]

1. d4 d5 2. c4 Na6 3. e3 Bf5 4. a3 e6 5. c5 Nf6 6. Nc3 c6 7. Qa4 Ng4 8. h3 Nf6
9. Bxa6 bxa6 10. Qxc6+ Nd7 11. Qxa6 g6 12. Nb5 Rb8 0-1

[Event "AUTO-INT-2884"]
[Site "http://www.queenalice.com/game.php?id=1297718"]
[Date "2014.7.27"]
[Round "1"]
[White "Slazenger"]
[Black "reynel"]
[Result "1-0"]
[WhiteElo "1639"]
[BlackElo "1544"]

1. e4 e5 2. Nf3 Nc6 3. Bb5 a6 4. Bxc6 dxc6 5. Nc3 Bd6 6. d3 h6 7. h3 Nf6 8. O-O
Be6 9. Ne2 Qd7 10. Be3 g5 11. Qd2 1-0